Súčasný rozvoj hospodárstva v Rumunsku Príloha Hospodárskych novín

Zmierňovanie negatívnych tendencií v rumunskom hospodárstve. Predpokladaný vývoj v budúcnosti. Monitor hospodárskeho vývoja Rumunska. Vývoj priemyselnej výroby, mesačných miezd, kurzu a spotrebiteľských cien.

Salvato in:
Dettagli Bibliografici
Natura: Capitolo di libro
Lingua:slovacco
Soggetti:
Tags: Aggiungi Tag
Nessun Tag, puoi essere il primo ad aggiungerne!!

MARC

LEADER 00000naa a2200000 4500
001 r022607
005 20230801104517.3
041 0 |a slo 
044 |a SK 
245 1 0 |a Súčasný rozvoj hospodárstva v Rumunsku  |b Príloha Hospodárskych novín 
520 |a Zmierňovanie negatívnych tendencií v rumunskom hospodárstve. Predpokladaný vývoj v budúcnosti. Monitor hospodárskeho vývoja Rumunska. Vývoj priemyselnej výroby, mesačných miezd, kurzu a spotrebiteľských cien. 
610 2 0 |a Rumunsko 
610 2 0 |a 1990-1996 
610 2 0 |a rast hospodársky 
610 2 0 |a situácia hospodárska 
610 2 0 |a ukazovatele ekonomické